000 01186nam0a2200337 4500
001 RU\NLR\bibl\832595
005 20250614142140.0
010 _a5-17-029781-5
_bАСТ
010 _a5-271-11362-0
_bАстрель
010 _a5-9578-1598-5
_bТранзиткнига
_95000
021 _aRU
_b2005-39587
_91972
035 _a(NLR Aleph) 000821457
090 _a1303799
_c1303799
100 _a20050819d2005 |||y0rusy50 ca
101 1 _arus
_ceng
102 _aRU
105 _aa |||||||||
200 1 _aЖенская энциклопедия. Символы, сакралии, таинства
_fБарбара Уокер
_g[пер. с англ. А. Егазарова]
210 _aМосква
_cАСТ [и др.]
_d2005
215 _a637, [1] с.
_cил.
_d24
320 _aБиблиогр.: с. 625-633
517 0 _aСимволы, сакралии, таинства
606 1 _aСимволика религиозная
_91922988
_3RU\NLR\auth\661166077
686 _aЭ25
700 1 _aУокер
_bБ.
_gБарбара
_4070
801 0 _aRU
_bNLR
_c20050819
_grcr
801 1 _aRU
_bNLR
_c20050819
942 _cBOOK
980 _aNB